| 000 | 00600nam a22001937a 4500 | ||
|---|---|---|---|
| 003 | dpl | ||
| 005 | 20180717134013.0 | ||
| 008 | 180717b xxu||||| |||| 00| 0 eng d | ||
| 020 |
_a8121922437 _c120.00 |
||
| 035 | _aB-263997 | ||
| 040 |
_aDPL _bEN _c0 |
||
| 082 |
_a515.63 _bSHA |
||
| 100 | _aNarayan, Shanti | ||
| 245 |
_aTextbook of vector analysis _bwith applications of geometry and statics _cby Shanti Narayan and P.K. Mittal |
||
| 260 |
_aNew Delhi _bS. Chand & Co ltd _c2007 |
||
| 300 |
_axv,391p. _bill; _c23cm. |
||
| 600 | _aMittal, P.K. | ||
| 942 |
_2ddc _cEN _h515.63 _mSHA |
||
| 999 |
_c154167 _d154167 |
||